| 000 | 00699cam a2200181 a 4500 | ||
|---|---|---|---|
| 020 | _a0198233337 (acidfree paper) | ||
| 040 | _cDLC | ||
| 082 | 0 | 0 | _a384 OXF 1995 A015 Or. |
| 100 | 1 | _aFransman, Martin. | |
| 245 | 1 | 0 |
_aJapan's computer and communications industry : _bthe evolution of industrial giants and global competitiveness / |
| 260 |
_aOxford ; _aNew York : _bOxford University Press, _c1995. |
||
| 300 |
_axxii, 540 p. : _bill. ; _c24 cm. |
||
| 650 | 0 | _aComputer industry | |
| 650 | 0 | _aTelecommunication equipment industry | |
| 856 | 4 | 2 | _uhttp://www.loc.gov/catdir/enhancements/fy0606/95022268-d.html |
| 856 | 4 | 2 | _uhttp://www.loc.gov/catdir/enhancements/fy0724/95022268-b.html |
| 942 | _cEK | ||
| 999 |
_c11475 _d11475 |
||